<?xml version="1.0" encoding="UTF-8"?>
<marc:record xmlns:marc="http://www.loc.gov/MARC21/slim">
   <marc:leader>00000nam a2200000 a 4500</marc:leader>
   <marc:datafield ind1="1" ind2=" " tag="100">
      <marc:subfield code="a">Vogt, Johannes</marc:subfield>
      <marc:subfield code="4">ctb</marc:subfield>
      <marc:subfield code="e">Mitwirkende/-r</marc:subfield>
   </marc:datafield>
   <marc:datafield ind1="1" ind2=" " tag="100">
      <marc:subfield code="a">Horstschäfer, Felicitas</marc:subfield>
      <marc:subfield code="4">ctb</marc:subfield>
      <marc:subfield code="e">Mitwirkende/-r</marc:subfield>
   </marc:datafield>
   <marc:datafield ind1=" " ind2=" " tag="653">
      <marc:subfield code="a">Ungeheuer</marc:subfield>
   </marc:datafield>
   <marc:datafield ind1=" " ind2=" " tag="653">
      <marc:subfield code="a">Softcover / Kinder- und Jugendbücher/Bilderbücher/Pappbilderbücher</marc:subfield>
   </marc:datafield>
   <marc:datafield ind1=" " ind2=" " tag="653">
      <marc:subfield code="a">Fühlbilderbücher</marc:subfield>
   </marc:datafield>
   <marc:datafield ind1=" " ind2=" " tag="653">
      <marc:subfield code="a">Bilderbuch</marc:subfield>
   </marc:datafield>
   <marc:datafield ind1=" " ind2=" " tag="653">
      <marc:subfield code="a">Pappbilderbücher mit und ohne Zusatzteile</marc:subfield>
   </marc:datafield>
   <marc:datafield ind1="0" ind2="0" tag="245">
      <marc:subfield code="a">Schattenmonster</marc:subfield>
   </marc:datafield>
   <marc:datafield ind1="0" ind2="0" tag="245">
      <marc:subfield code="b">ein Such-Pop-Up ; [mit sechs Pop-Up-Seiten, Rückwand zum Aufklappen und einer Taschenlampe</marc:subfield>
   </marc:datafield>
   <marc:datafield ind1="0" ind2="0" tag="245">
      <marc:subfield code="c">Johannes Vogt &amp; Felicitas Horstschäfer</marc:subfield>
   </marc:datafield>
   <marc:datafield ind1=" " ind2="1" tag="264">
      <marc:subfield code="a">Weinheim</marc:subfield>
      <marc:subfield code="b">Beltz &amp; Gelberg</marc:subfield>
      <marc:subfield code="c">2014</marc:subfield>
   </marc:datafield>
   <marc:datafield ind1=" " ind2=" " tag="250">
      <marc:subfield code="a">Orig.-Ausg.</marc:subfield>
   </marc:datafield>
   <marc:datafield ind1="1" ind2=" " tag="520">
      <marc:subfield code="a">Angaben aus der Verlagsmeldung

Schattenmonster : Ein Such-Pop-Up / von Felicitas Horstschäfer, Johannes Vogt

Überall in der Wohnung haben sich Monster versteckt, man muss nur das Licht ausschalten und die Taschenlampe anmachen – schon wird es gruselig! Ein außergewöhnliches Pop-Up-Buch zum Mitmachen.

Um die Monster zu finden, wird die Rückwand aus dem Buch geklappt und aufgestellt. Dann die Pop-Up-Seiten aufblättern und durch die unterschiedlichen Zimmer gehen. Die Möbel mit der Taschenlampe anstrahlen und schon tauchen die gruseligsten Monster auf! Das scheue Flur-Monster Herbert oder Wohnzimmer-Monster Theo, der wegen seines eingewachsenen Zehennagels immer laut heult. In der dunklen Küche schlecken die Restefresser Ratz und Putz das Geschirr ab, während Monster Wanda im Bad durch die Wanne rudert ...

Ein herrlich schräges Buch, das durch moderne Illustrationen, eine liebevolle Gestaltung und eine einzigartige Idee besticht.
</marc:subfield>
   </marc:datafield>
   <marc:datafield ind1=" " ind2=" " tag="020">
      <marc:subfield code="a">9783407795830</marc:subfield>
      <marc:subfield code="9">9783407795830</marc:subfield>
   </marc:datafield>
   <marc:datafield ind1=" " ind2=" " tag="020">
      <marc:subfield code="a">3407795831</marc:subfield>
      <marc:subfield code="9">3407795831</marc:subfield>
   </marc:datafield>
   <marc:datafield ind1=" " ind2=" " tag="041">
      <marc:subfield code="a">ger</marc:subfield>
   </marc:datafield>
   <marc:datafield ind1=" " ind2=" " tag="300">
      <marc:subfield code="a">20] S.</marc:subfield>
   </marc:datafield>
</marc:record>
